Psychológia pre manažérsku prax

Gespeichert in:
Bibliographische Detailangaben
1. Verfasser: Szarková, Miroslava, 1951-
Format: Buch
Sprache:Slowakisch
Veröffentlicht: Bratislava KARTPRINT 1998
Schlagworte:
Tags: Tag hinzufügen
Keine Tags, Fügen Sie das erste Tag hinzu!

MARC

LEADER 00000nam a2200000 4500
001 c104278
005 20240502071314.8
020 |a 80-88870-10-0 
041 0 |a slo 
044 |a SK 
245 1 0 |a Psychológia pre manažérsku prax  |c Miroslava Szarková 
264 1 |a Bratislava  |b KARTPRINT  |c 1998 
300 |a 187 s. 
610 2 0 |a psychológia 
610 2 0 |a manažéri 
610 2 0 |a marketing 
610 2 0 |a manažment 
610 2 0 |a metódy výskumu 
610 2 0 |a práca 
610 2 0 |a profesiografia 
610 2 0 |a výkony pracovné 
610 2 0 |a produktivita práce 
610 2 0 |a motivácia 
610 2 0 |a proces pracovný 
610 2 0 |a stresy 
610 2 0 |a prevencia 
610 2 0 |a psychológia sociálna 
610 2 0 |a skupiny pracovné 
610 2 0 |a informatizácia 
610 2 0 |a identita podniková 
610 2 0 |a kultúra podniková 
100 1 |a Szarková, Miroslava, 1951-